| 000 | 00536nam a2200145Ia 4500 | ||
|---|---|---|---|
| 008 | 151213s9999 xx 000 0 und d | ||
| 100 | _aআজহার উদ্দীন খান। | ||
| 245 |
_aঅফুরন্ত রেীদ্রের তিনি। _cআজহার উদ্দীন খান। |
||
| 260 |
_aঢাকা _bসোমনাথ দত্ত্ব _c2008 |
||
| 300 | _a8648 p. | ||
| 650 | _aBangla | ||
| 650 | _aগল্প। | ||
| 700 | _aআজহার উদ্দীন খান। | ||
| 999 |
_c4435 _d4435 |
||